| 000 | 00379nam a2200157Ia 4500 | ||
|---|---|---|---|
| 008 | 210430s9999 xx 000 0 und d | ||
| 020 | _a6/21/11 | ||
| 082 | _a839.8 H8911 H | ||
| 245 | _aDoug Hughes | ||
| 250 | _a83P | ||
| 260 | _aDramatists play Service INC. | ||
| 300 | _aHenrik Ibsen,s Hedda Gabler | ||
| 650 |
_aNew york _952260 |
||
| 856 | _uBK | ||
| 942 |
_cGEN _2ddc |
||
| 999 |
_c562652 _d562652 |
||